İNGİLİZCE SÖZCÜK (Record no. 734563)

MARC details
000 -LEADER
sabit uzunluktaki kontrol alanı 00243nam a2200097Ia 4500
001 - KONTROL NUMARASI
kontrol alanı 734563
005 - EN SON İŞLEMİN TARİH VE ZAMANI
kontrol alanı 20250826163836.0
008 - SABİT-UZUNLUKTA VERİ ÖĞELERİ--GENEL BİLGİ
sabit uzunluktaki kontrol alanı 250824s9999 xx 000 0 und d
245 #0 - ESER / YAZAR
ESER ADI İNGİLİZCE SÖZCÜK
Yazar Adı EROL YILDIZ
260 ## - YAYIN, DAĞITIM, VB.
YAYIN EVİ KARATAY YAYINLARI

No items available.